Práce v logistice neztrácií perspektivu

Rýchly rozvoj a rast oblastí dopravy, logistiky a skladovania v súvislosti so šírením ochorenia COVID-19. Situácia v logistike z personálneho pohľadu - trh práce, rekvalifikácia zamestnancov a mzdy zamestnancov. E-commerce v logistike. Digitalizácia a práca z domu. Logistika ako obehový systém ekono...

Descrizione completa

Salvato in:
Dettagli Bibliografici
Autore principale: Toman, Pavel
Natura: Capitolo di libro
Lingua:ceco
Soggetti:
Tags: Aggiungi Tag
Nessun Tag, puoi essere il primo ad aggiungerne!!

MARC

LEADER 00000naa a2200000 4500
001 0273108
005 20210416131830.4
041 0 |a cze 
044 |a CZ 
245 1 0 |a Práce v logistice neztrácií perspektivu  |c Pavel Toman 
520 |a Rýchly rozvoj a rast oblastí dopravy, logistiky a skladovania v súvislosti so šírením ochorenia COVID-19. Situácia v logistike z personálneho pohľadu - trh práce, rekvalifikácia zamestnancov a mzdy zamestnancov. E-commerce v logistike. Digitalizácia a práca z domu. Logistika ako obehový systém ekonomiky. Efektívna štátna pomoc firmám v čase koronakrízy. 
610 2 0 |a logistika 
610 2 0 |a zdroje ľudské 
610 2 0 |a trh práce 
610 2 0 |a mzdy 
610 2 0 |a zamestnanci 
610 2 0 |a koronavírus 
610 2 0 |a kríza 
610 2 0 |a Česko 
100 1 |a Toman, Pavel